SOS in Space.

Gespeichert in:
Bibliographische Detailangaben
1. Verfasser: Jones, Lewis
Format: Buch
Sprache:Englisch
Erschienen: Londres Longman 1976
Katalog:MANES:  Suchergebnis im Bibliothekskatalog
Schulbuchspezifische Eigenschaften:
Tags: Tag hinzufügen
Keine Tags, Fügen Sie den ersten Tag hinzu!
Hinzugefügt zu:27.04.2021
Geändert in:07.05.2025

MARC

LEADER 00000nam a22000007a 4500
005 20250507133427.0
008 210428b ||||| |||| 00| 0 eng d
040 |a centro_manes  |c Centro_internacional de la cultura escolar 
100 |a Jones, Lewis  |9 35864 
245 |a SOS in Space. 
260 |a Londres  |b Longman  |c 1976 
300 |a 29 p.  |c 20 x 13 cm 
500 |a Libro de lectura. Contiene ilustraciones en blanco y negro. 
546 |a España  
561 |5 es-CICE  |3 FMa/LE200  |a España. Centro Internacional de la Cultura Escolar  |k MANES 
690 0 |a LE 
691 0 |a PRI 
942 |2 ddc  |c BK 
999 |c 91968  |d 91968 
999 |c manes:91968  |d 91968